000 01079cam a2200253 4500
001 ABS64085
008 000000n2001 000 0 eng u
035 _a(Sirsi) u113533
100 _aCottam, G.
245 _aDraft clauses with a great deal of care
260 _c2001
490 _aConstruction News
_v(6721) 21 June 2001, 12(1)
520 _aWarns that exemption clauses, which relieve one of the parties of any liability should certain events occur, need to be written carefully if they are to be effective, and that if it is intended that a party should be protected from the consequences of its own negligence this should be explicit in the clause. Case law.
590 _aABS
650 _aBUILT ENVIRONMENT-BUILDING CONTRACT FORMS
650 _aBUILT ENVIRONMENT-BUILDING CONTRACT FORMS
650 _aEXEMPTION CLAUSES
650 _aGILLESPIE BROTHERS & CO V ROY BOWLES TRANSPORT
650 _aLIABILITY
650 _aNEGLIGENCE
650 _aSTENT FOUNDATIONS V M J GLEESON GROUP
690 _aBUILT ENVIRONMENT-BUILDING CONTRACT FORMS
942 _n0
999 _c67625
_d67625